000 01070nam a2200229Ia 4500
003 OSt
005 20220923221741.0
006 a|||||r|||| 00| 0
007 ta
008 220922b |||||||| |||| 00| 0 hin d
024 _a199,785
037 _cTextual
040 _aARTS
_cARTS
_bhin
041 _2hin
_ahin
082 _aQ2213:414, 152L8.1-.3
100 _aराधावल्लभ; गोस्वामी, ललिता चरण
_9165633
245 0 _aराधा वल्लभ का वर्षोत्सव ब्रज वृन्दावन के प्राचीन रसिको की वाणियो का संग्रह
246 _aRādhā vallabh kā varṣhotsav braj vṛundāvan ke prāchīn rasiko kī vāṇiyo kā sangraha
260 _aवृन्दावन
_b श्री राधावल्लभ मन्दिर
_c1978
942 _hQ2213:414, 152L8.1-.3
_cTEXL
_2CC
999 _c351524
_d351524